| 000 | 02075cim a2200493 a 4500 | ||
|---|---|---|---|
| 999 |
_c127154 _d127154 |
||
| 001 | 13785612 | ||
| 003 | ARRUPE | ||
| 005 | 20171026094639.0 | ||
| 007 | sd fsngnnmmned | ||
| 008 | 030131t20022001mnunnn f eng d | ||
| 010 | _a 2004714716 | ||
| 020 | _a1565117808 | ||
| 024 | 1 | _a025024892349 | |
| 024 | 3 | _a9781565117808 | |
| 028 | 0 | 2 |
_aHBP 89234 _bHighBridge |
| 035 | _a(OCoLC)ocm51557100 | ||
| 040 |
_aGEC _cGEC _dOHI _dJED _dOCLCQ _dDLC |
||
| 042 | _alccopycat | ||
| 050 | 0 | 0 | _aPR-205-1 |
| 100 | 1 |
_aMartel, Yann. _937280 |
|
| 245 | 1 | 0 |
_aLife of Pi _b[a novel] / _cYann Martel. |
| 260 |
_aMinneapolis, MN : _bHighBridge, _cp2002. |
||
| 300 |
_a9 sound discs (11.5 hr.) : _bdigital, stereo. ; _c4 3/4 in. |
||
| 306 | _a113000 | ||
| 500 | _aUnabridged. | ||
| 500 | _aCompact disc. | ||
| 511 | 0 | _aRead by Jeff Woodman with Alexander Marshall. | |
| 520 | _a"After the tragic sinking of a cargo ship in the Pacific, one solitary lifeboat remains, carrying a hyena, a zebra, a female orangutan, a Bengal tiger, and a 16-year-old Indian boy names Pi. His story is a dazzling work of imagination that will delight and astound listeners in equal measure. It is a triumph of storytelling and a tale that will as one character puts it, make you believe in God"--Container. | ||
| 650 | 0 |
_aHuman-animal relationships _vFiction. _937281 |
|
| 650 | 0 |
_aOcean travel _vFiction. _937282 |
|
| 650 | 0 |
_aOrphans _vFiction. _937283 |
|
| 650 | 0 |
_aStorytelling _vFiction. _937284 |
|
| 650 | 0 |
_aShipwreck survival _vFiction. _937285 |
|
| 650 | 0 |
_aTeenage boys _vFiction. _937286 |
|
| 650 | 0 |
_aTiger _vFiction. _937287 |
|
| 650 | 0 |
_aZoo animals _vFiction. _937288 |
|
| 651 | 0 |
_aPacific Ocean _vFiction. _937289 |
|
| 655 | 7 |
_aPsychological fiction. _2lcsh _93218 |
|
| 655 | 7 |
_aAdventure fiction. _2gsafd _920466 |
|
| 700 | 1 |
_aWoodman, Jeff. _4nrt _937290 |
|
| 700 | 1 |
_aMarshall, Alexander. _4nrt _937291 |
|
| 856 | 4 | 2 |
_3Publisher description _uhttp://www.loc.gov/catdir/enhancements/fy0714/2004714716-d.html |
| 906 |
_a7 _bcbc _ccopycat _d3 _encip _f20 _gy-genmusic |
||
| 942 |
_2lcc _cMONOGRAPH |
||